Electrical Power Distribution and Transmission (Record no. 2608)
[ view plain ]
| 000 -LEADER | |
|---|---|
| Fixed length control field | 00534nam a2200181 4500 |
| 003 - CONTROL NUMBER IDENTIFIER | |
| Control field | SEACOMEC |
| 005 - DATE AND TIME OF LATEST TRANSACTION | |
| Control field | 20251017114051.0 |
| 008 - FIXED-LENGTH DATA ELEMENTS--GENERAL INFORMATION | |
| Fixed length control field | 251017b |||||||| |||| 00| 0 eng d |
| 020 ## - INTERNATIONAL STANDARD BOOK NUMBER / ISBN | |
| International Standard Book Number | 978-0132499477 |
| Price | N.F |
| 040 ## - CATALOGING SOURCE | |
| Original cataloging agency | SEACOMEC |
| 082 ## - DEWEY DECIMAL CLASSIFICATION NUMBER | |
| Classification number | 621.319 |
| Book Number | F263 |
| 100 ## - MAIN ENTRY--PERSONAL NAME | |
| Personal name | Faulkenberry, Luces M. |
| 245 ## - TITLE STATEMENT | |
| Title | Electrical Power Distribution and Transmission |
| Statement of responsibility | Luces M. Faulkenberry and Walter Coffer |
| 260 ## - IMPRINT | |
| Place of publication | Delhi |
| Name of publisher | Pearson |
| Date of publication | r2008 |
| 650 ## - SUBJECT ADDED ENTRY--TOPICAL TERM | |
| Topical term | Electrical & Electronic Engineering |
| 700 ## - ADDED ENTRY--PERSONAL NAME | |
| Personal name | Coffer, Walter |
| 942 ## - ADDED ENTRY ELEMENTS (KOHA) | |
| Koha item type | Gifted/Donated Books |
| Withdrawn status | Lost status | Source of classification | Damaged status | Not for loan | Home library | Current library | Date acquired | Total Checkouts | Call number | Accession number | Date last seen | Price effective from | Koha item type |
|---|---|---|---|---|---|---|---|---|---|---|---|---|---|
| Dewey Decimal Classification | SEACOM ENGINEERING COLLEGE | SEACOM ENGINEERING COLLEGE | 17/10/2025 | 621.319 F263 | G2 | 17/10/2025 | 17/10/2025 | Gifted/Donated Books |
